000
00245nam a22001097a 4500
008
180806b xxu||||| |||| 00| 0 eng d
082
_a
813.52
245
_a
Fundamentals 2.0
_c
Berlitz
260
_c
2006-2009
300
_a
1
_f
CD
942
_2
ddc
_c
MX
999
_c
46846
_d
46846